MARC details
| 000 -CABECERA |
| campo de control de longitud fija |
01715nam a2200289 a 4500 |
| 001 - NÚMERO DE CONTROL |
| campo de control |
000043690 |
| 003 - IDENTIFICADOR DEL NÚMERO DE CONTROL |
| campo de control |
DO-SdBNP |
| 005 - FECHA Y HORA DE LA ÚLTIMA TRANSACCIÓN |
| campo de control |
20230308115615.0 |
| 007 - CAMPO FIJO DE DESCRIPCIÓN FÍSICA--INFORMACIÓN GENERAL |
| campo de control de longitud fija |
ta |
| 008 - DATOS DE LONGITUD FIJA--INFORMACIÓN GENERAL |
| campo de control de longitud fija |
140403s2008 dr 000 0 spa d |
| 040 ## - FUENTE DE LA CATALOGACIÓN |
| Centro catalogador/agencia de origen |
DO-SdBNP |
| Lengua de catalogación |
spa |
| Centro/agencia transcriptor |
BNPHU |
| 082 #4 - NÚMERO DE LA CLASIFICACIÓN DECIMAL DEWEY |
| Número de clasificación |
346.015 |
| Número de documento/Ítem |
S471i |
| Número de edición |
22 |
| 111 2# - ENTRADA PRINCIPAL--NOMBRE DE CONGRESO/REUNIÓN |
| Nombre de congreso/reunión o jurisdicción como elemento de entrada |
Seminario Internacional "Por un Código de Familia Inclusivo" |
| Fecha del congreso/reunión |
(2005 : |
| Sede del congreso/Lugar de la reunión |
Santo Domingo, República Dominicana). |
| 9 (RLIN) |
71512 |
| 245 10 - MENCIÓN DE TÍTULO |
| Título |
Seminarios internacionales : |
| Resto del título |
Por un código de familia inclusivo ; Hacia un sistema nacional de atención integral a familias / |
| Mención de responsabilidad, etc. |
coordinadores , Margarita Cedeño de Fernández ; Alejandro Moscoso Segarra ; compilación Rosa Fernández |
| 246 ## - FORMA VARIANTE DE TÍTULO |
| Título propio/Titulo breve |
Por un código de familia inclusivo |
| 246 ## - FORMA VARIANTE DE TÍTULO |
| Título propio/Titulo breve |
Hacia un sistema nacional de atención integral a familias |
| 260 ## - PUBLICACIÓN, DISTRIBUCIÓN, ETC. |
| Lugar de publicación, distribución, etc. |
Santo Domingo : |
| Nombre del editor, distribuidor, etc. |
Despacho de la Primera Dama de la República Dominicana ; Comisionado de Apoyo a la Reforma y Modernización de la Justicia, |
| Fecha de publicación, distribución, etc. |
2008. |
| 300 ## - DESCRIPCIÓN FÍSICA |
| Extensión |
126 p. ; |
| Dimensiones |
23 cm. |
| 505 0# - NOTA DE CONTENIDO CON FORMATO |
| Nota de contenido con formato |
Presentación -- |
| Título |
Discursos actos inagurales -- |
| -- |
La aplicación del enfoque de género en las leyes -- |
| -- |
Experiencias internacionales en legislaciones y políticas públicas inclusivas |
| -- |
Experiencias en Latinoamérica de atención integral a familias -- |
| -- |
Conclusiones y recomendaciones. |
| 590 ## - NOTA LOCAL (RLIN) |
| Nota local |
Inventariado, 2019/VM |
| 650 #4 - PUNTO DE ACCESO ADICIONAL DE MATERIA--TÉRMINO DE MATERIA |
| Término de materia o nombre geográfico como elemento de entrada |
Derecho de familia |
| Subdivisión de forma |
Congresos, conferencias, etc. |
| 9 (RLIN) |
81535 |
| 650 #4 - PUNTO DE ACCESO ADICIONAL DE MATERIA--TÉRMINO DE MATERIA |
| Término de materia o nombre geográfico como elemento de entrada |
Familia |
| Subdivisión general |
Legislación |
| Subdivisión de forma |
Congresos, conferencias, etc. |
| 9 (RLIN) |
81536 |
| 700 1# - PUNTO DE ACCESO ADICIONAL--NOMBRE DE PERSONA |
| Nombre de persona |
Cedeño de Fernández, Margarita |
| Título de la obra |
coord. |
| 9 (RLIN) |
71513 |
| 700 1# - PUNTO DE ACCESO ADICIONAL--NOMBRE DE PERSONA |
| Nombre de persona |
Fernández, Rosa |
| 9 (RLIN) |
71514 |
| 710 1# - PUNTO DE ACCESO ADICIONAL--NOMBRE DE ENTIDAD CORPORATIVA |
| Nombre de entidad corporativa o nombre de jurisdicción como elemento de entrada |
República Dominicana. |
| Unidad subordinada |
Comisionado de Apoyo a la Reforma y Modernización de la Justicia |
| 9 (RLIN) |
17179 |
| 942 ## - ELEMENTOS DE PUNTO DE ACCESO ADICIONAL (KOHA) |
| Fuente del sistema de clasificación o colocación |
Dewey Decimal Classification |
| Tipo de ítem Koha |
Libro |